Регионална библиотека "Любен Каравелов" - Русе

Ой, да ты, калинушка (Запис номер 297641)

MARC детайли
000 -Лидер
Контролно поле с фиксирана дължина 00612nja a2200193 a 4500
003 - Код на организацията, давaща контролен номер
Контролно поле BLK
005 - Дата и час на последна редакция
Контролно поле 20180421003259.0
008 - Елементи от данни с фиксирана дължина
fixed length control field 180414c bul|r|ner|||| 00| c0bul d
010 ## - Наследен системен номер
LC control number NOT00000692003
040 ## - Източник на каталожния запис
Идентификатор на билиотеката - собственик на записа BLK
245 10 - Сведения за заглавието
Заглавие Ой, да ты, калинушка
Подзаглавни данни Русская нар. песня
Редно поле (дума) обраб. Анатоли Новиков.
257 ## - Страна на издаване
Страна на създаване/издаване Русия
380 ## - Жанр
Жанр Изкуство
700 1# - Други автори (авторска отговорност)
Лично име Новиков, Анатоли
Автороска отговорност (Описва отношението между автора и произведението) обраб.
9 (RLIN) 361731
773 ## - Описание на основна библиографска единица при аналитични записи (многотомни)
Host Biblionumber 297638
Host Itemnumber 648575
Заглавие Слушание музыки в начальном школе
852 ## - Местоположение
Форматна сигнатура Цб М ІІ 1614
942 ## - АРТИКУЛИ
Вид на библиотечния материал Нотни издания
Скрит в OPAC Не
944 ## - СЪЗДАВАНЕ И РЕДАКЦИЯ на ЗАПИСА
Създаване/Редакция Създаване
Дата на регистрацията/редакция 25.08.2004
Служител, извършил регистрацията/редакцията
944 ## - СЪЗДАВАНЕ И РЕДАКЦИЯ на ЗАПИСА
Създаване/Редакция Редакция
Дата на регистрацията/редакция 09.11.2005
Служител, извършил регистрацията/редакцията
999 ## - СИСТЕМНИ КОНТРОЛНИ НОМЕРА
Koha biblionumber 297641
Koha biblioitemnumber 297641
Наличности
Код за отписване Код за изгубен артикул Код за повреда Коз за рестрикции Код за отдаване Артикулен № Име на библиотеката - собственик Име на библиотеката, в която се намира в момента Статус (Текущо местоположение) Дата на вписване в системата Местоположение - отдел Цена в лева Инвентарен номер Систематично азбучна сигнатура Баркод Номер на екземпляра Цена в евро Служебна бележка Служебен тип на артикула Бележка за публиката
  Не е изгубен Не е повреден само за читалня ползва се в читалня 648578 Регионална библиотека "Любен Каравелов" Русе Регионална библиотека "Любен Каравелов" Русе Аналитични записи 2018-04-14 Аналитични записи 0.00 900300000692 Цб М II 1614 900300000692 3 0.00 аналитичен запис Статия Това е описние на част от артикул: Слушание музыки в начальном школе
Vip Innovations Ltd, Rousse, Bulgaria 2025